000 00526nam a2200193Ia 4500
003 GCL
008 140319s9999 xx 000 0 ara d
040 _aGCL /
_cGCL
082 0 4 _a896.3
_bل ا
100 1 _aلاى، كامارا
245 1 0 _aالولد الاسود /
_cلاى، كامارا
700 1 _aضياء المحجوب (مترجم)
300 _a132 ص
490 _aذاكرة الشعوب
_v0
650 0 4 _aالادب
650 0 4 _aالقصص
650 0 4 _aالادب الافريقى
942 _2ddc
_cBK
999 _c45959
_d45959